| 000 | 00919cam a2200217 4500 | ||
|---|---|---|---|
| 001 | WS104715 | ||
| 008 | 000000n 000 0 eng u | ||
| 035 | _a(Sirsi) u104715 | ||
| 110 |
_aEuropean Construction Institute _93313 |
||
| 245 | _aEuropean Construction Institute | ||
| 520 | _aWeb site for this organisation which brings together major clients, contractors and consultants with European and world-wide operations to improve the performance of the construction industry. This site outlines their work and includes a list of events, profiles of companies involved and a list of publications. | ||
| 650 | _aEUROPE | ||
| 650 | _aCONSTRUCTION INDUSTRY | ||
| 650 | _aCONTRACTORS | ||
| 650 | _aCONSULTANTS | ||
| 650 | _aINTERNATIONAL | ||
| 650 | _aORGANISATION | ||
| 690 | _aBUILT ENVIRONMENT | ||
| 856 | 4 | 0 |
_uhttps://www.eci-online.org _zView the website free of charge at www.eci-online.org... |
| 942 | _n0 | ||
| 999 |
_c119448 _d119448 |
||